000 00870nam a2200217Ia 4500
999 _c38763
_d38763
001 5099
003 GE_BSU
005 20190520211244.0
008 181216s1971||||ge |||||||||||||| ||geo||
040 _cGE_BSU
041 _ageo
080 _a626.8(075.8) + 631 ქ-60
100 _aქობულია, გ.
_91452
245 _aსაინჟინრო მელიორაცია I ნაწ.მორწყვა :
_bსახელმძღვ. /
_cგ. ქობულია ; რედ. ზ. ჯიბლაძე.
264 _aთბილისი :
_bგანათლება,
_c1971.
300 _a406 გვ. :
_bილ. ;
_c22 სმ.
653 _aსაინჟინრო მელიორაცია
653 _aმორწყვა
700 _aზ. ჯიბლაძე
_eრედაქტორი
_91453
942 _cBK
_2udc